Multiple Choice City Quiz – Rutland, VT - Statistics

General Stats
  • This quiz has been taken 29 times
  • The average score is 7 of 10
Answer Stats
Question Answer % Correct
Rutland-born John Deere is the founder of a company that specializes in what? Outdoor equipment
95%
Rutland–Southern Vermont Regional Airport only has one scheduled destination courtesy of Cape Air. What is it? Boston
84%
What east-west route connects Rutland Town to New York? U.S. Route 4
74%
Which dot is correctly placed on Rutland?
68%
What U.S. president was born in nearby Plymouth Notch? Calvin Coolidge
68%
Which of these rivers flows through Rutland? Otter Creek
68%
Which number is closest to the city population of Rutland? 16,000
63%
True or False: Rutland used to be the sole official capital of Vermont False
63%
Which of these statements does NOT apply to Rutland? It is surrounded by farmland on all sides
58%
What popular ski resort is located 9 miles east of Rutland? Killington
58%
No matching quizzes found
Score Distribution
Percent of People with Each Score
Percentile by Number Answered
Your Score History
You have not taken this quiz